000 00414nam a22001697a 4500
999 _c6414
_d6412
005 20210904103333.0
008 200522b xxu||||| |||| 00| 0 eng d
041 _aeng
082 _a342.54 SET
100 _aSeervai H, M
_96868
245 _aConstitutional Law of India : A Critical Commentory I
250 _a4'th ed.
260 _aMumbai
_bM J Pocha
300 _aA-186
650 _aLAW
_95701
942 _cBK